Moritz y su abuelo arcano /

Guardado en:
Autor Principal: Saracino, Luciano
Formato: Libro
Publicado: Buenos Aires : Ridercahail Editions, 2014
Edición:2a. ed.
Series:Historias entre Tumbas ; 1
Materias:
Etiquetas: Agregar Etiqueta
Sin Etiquetas, Sea el primero en etiquetar este registro!
LEADER 00950nam a22002775a 4500
001 CEM.cems015272
005 20191101152850.0
008 130507s2014##################000#0#####d
003 CEMS
020 |a 9789871603503 
082 0 4 |a A868.4 
100 1 |a Saracino, Luciano 
245 1 0 |a Moritz y su abuelo arcano /  |c Luciano Saracino ; ilustrado Por Gustavo Ariel Mazali 
250 |a 2a. ed. 
260 |a Buenos Aires :  |b Ridercahail Editions,  |c 2014 
300 |a 32 p. 
490 0 |a Historias entre Tumbas ; 1 
505 0 |a Moritz y su abuelo Arcano -- El mejor amigo del niño -- La verdadera y terrible historia de Caperucita y el lobo 
653 |a Literatura 
653 |a Literatura argentina 
653 |a Literatura infantil 
653 |a Cuentos infantiles 
653 |a Colección ciencias de la educación 
653 |a Terror 
653 |a Cuentos de terror 
859 |a CEMS  |b BIB. CEMS - Ccias. Educacion  |h A868.4  |i Sa712-1  |k CE  |p 28512.19  |t Ej.1